Los cuatro grandes historiadores latinos : (Record no. 160708)

MARC details
000 -LEADER
campo de control de longitud fija 01344nam a2200325 i 4500
001 - NÚMERO DE CONTROL
campo de control 160708
003 - IDENTIFICADOR DE NÚMERO DE CONTROL
campo de control ES-MaACL
005 - FECHA Y HORA DE LA ÚLTIMA TRANSACCIÓN
campo de control 20250816063146.0
008 - DATOS DE LONGITUD FIJA--INFORMACIÓN GENERAL
campo de control de longitud fija 980914q1910 sp |r 00| 0dspa
040 ## - FUENTE DE CATALOGACIÓN
Centro catalogador/agencia de origen AS
Lengua de catalogación spa
Centro/agencia transcriptor AS
080 ## - NÚMERO DE LA CLASIFICACIÓN DECIMAL UNIVERSAL
Número de la Clasificación Decimal Universal 929(37):930
100 1# - ENTRADA PRINCIPAL--NOMBRE DE PERSONA
Nombre de persona Nisard, Desiré,
Fechas asociadas al nombre 1806-1888
Término indicativo de función/relación Autor
9 (RLIN) 130499
245 14 - MENCIÓN DEL TÍTULO
Título Los cuatro grandes historiadores latinos :
Resto del título César-Salustio-Tito Livio-Tácito /
Mención de responsabilidad, etc. por D. Nisard ; traducción por Luis de Terán
260 ## - PUBLICACIÓN, DISTRIBUCIÓN, ETC.
Lugar de publicación, distribución, etc. Madrid :
Nombre del editor, distribuidor, etc. La España Moderna,
Fecha de publicación, distribución, etc. [ca. 1910]
Fabricante (Nueva Imp. de San Francisco de Sales)
300 ## - DESCRIPCIÓN FÍSICA
Extensión 2 hoja, 185 páginas ;
Dimensiones 23 cm
490 1# - MENCIÓN DE SERIE
Mención de serie Biblioteca de jurisprudencia, filosofía e historia
RLIN 180691
596 ## - NOTA AL PIE DE IMPRENTA
NOTA AL PIE DE IMPRENTA La España Moderna ejerce como editorial entre 1889 y 1914
600 14 - PUNTO DE ACCESO ADICIONAL DE MATERIA--NOMBRE DE PERSONA
Nombre de persona César, Cayo Julio,
Fechas asociadas al nombre 100 a.C.-44 a.C.
9 (RLIN) 37671
600 14 - PUNTO DE ACCESO ADICIONAL DE MATERIA--NOMBRE DE PERSONA
Nombre de persona Salustio Crispo, Cayo,
Fechas asociadas al nombre 86 a.C.-34 a.C.
9 (RLIN) 102051
600 14 - PUNTO DE ACCESO ADICIONAL DE MATERIA--NOMBRE DE PERSONA
Nombre de persona Livio, Tito,
Fechas asociadas al nombre 59 a.C.-17 d.C.
9 (RLIN) 72600
600 14 - PUNTO DE ACCESO ADICIONAL DE MATERIA--NOMBRE DE PERSONA
Nombre de persona Tácito, Cayo Cornelio
9 (RLIN) 109052
650 #4 - PUNTO DE ACCESO ADICIONAL DE MATERIA--TÉRMINO DE MATERIA
Término de materia o nombre geográfico como elemento de entrada Historiadores-
Subdivisión geográfica Roma
9 (RLIN) 136238
700 1# - ENTRADA AGREGADA--NOMBRE PERSONAL
Nombre de persona Terán, Luis de,
Fechas asociadas al nombre 1864-1935
Término indicativo de función/relación Traductor
9 (RLIN) 109725
710 2# - ENTRADA AGREGADA--NOMBRE DE ENTIDAD CORPORATIVA
Nombre de entidad corporativa o nombre de jurisdicción como elemento de entrada La España Moderna
Término indicativo de función/relación Editor
9 (RLIN) 134611
830 #0 - PUNTO DE ACCESO ADICIONAL DE SERIE-TÍTULO UNIFORME
Título uniforme Biblioteca de jurisprudencia, filosofía e historia
9 (RLIN) 180691
852 4# - LOCALIZACIÓN
Ubicación ES-MaACL
Ubicación en estantería Sala Pecera Planta 2
Número de control de estantería F-14792
Encuadernación Holandesa
942 ## - ELEMENTOS DE ENTRADA SECUNDARIOS (KOHA)
Fuente del sistema de clasificación o colocación Clasificación decimal universal
Tipo de ítem Koha Libro impreso
Suprimir en OPAC No
Holdings
Estatus retirado Estado de pérdida Estado de daño No para préstamo Biblioteca de origen Biblioteca actual Ubicación en estantería Fecha de adquisición Fuente de adquisición Total de préstamos Signatura topográfica completa Código de barras Visto por última vez Precio de reemplazo Tipo de ítem Koha
        Biblioteca del Ateneo de Madrid Biblioteca del Ateneo de Madrid Sala Pecera Planta 2 17/01/2008     F-14792 1168289 23/02/2023 23/02/2023 Libro impreso